000
00309nam a2200121Ia 4500
008
190216s9999||||xx |||||||||||||| ||und||
100
_a
Ibn Batuta
245
0
_a
Keralam Arunooru Kollam Munpu
260
_b
National Book Stall
_c
1966
300
_a
187p
650
_a
Kerala History-Kerala History
942
_c
BK
999
_c
18692
_d
18692